000 02291cim a2200433 a 4500
001 data
005 20260322212109.0
007 data
008 data
035 _a20459804
906 _a7
_bcbc
_corigres
_d2
_encip
_f20
_gy-soundrec
925 0 _aacquire
_b2 shelf copies
_xpolicy default
010 _a 2018619590
020 _a1558975535
020 _a9781558975538
024 1 _a083061546021
028 0 2 _aCD-5460J
_bBrentwood Music
040 _aDLC
_cDLC
050 0 0 _aSDC 96320
245 0 0 _aBreath of God II :
_b800 loving instructions from the Father.
246 3 0 _a800 loving instructions from the Father
246 3 _aBreath of God two
246 3 _aBreath of God 2
246 3 _aEight hundred loving instructions from the Father
260 _aBrentwood, TN :
_bBrentwood Music,
_cp1994.
300 _a1 audio disc :
_bdigital ;
_c4 3/4 in.
336 _aspoken word
_bspw
_2rdacontent
337 _aaudio
_bs
_2rdamedia
338 _aaudio disc
_bsd
_2rdacarrier
500 _aCompact disc.
500 _aScriptural references noted on container insert.
505 0 _aI will instruct you... -- All things that I... -- Do you want a long, good life... -- From a wise mind... -- A soft answer... -- Honor your father & mother... -- If we walk in the light... -- A good name... -- If any of you lacks wisdom... -- We know that the Son... -- If we suffer... -- You provide delicious food... -- The Lord opens the eyes... -- For this is my blood... -- Knowing that you were not... -- I pray God... -- Being now justified... -- He forgives all my sins... -- All of us like sheep... -- To love him with all the heart... -- But we all... -- I will ask the Father... -- Nevertheless, I tell you... -- The Lord is their strength... -- For I am the Lord... -- Blessed are they... -- Your sins are forgiven... -- And through him everyone... -- For this God is our God... -- The word of God is quick... -- All who fear God... -- Jesus answered and said... -- If you consent and obey....
511 0 _aRead by Chuck Millhuff ; with musical background.
630 0 0 _aBible.
630 0 7 _aBible.
_2fast
_0(OCoLC)fst01356024
700 1 _aMillhuff, Chuck.
_4nrt
999 _c1621
_d1621